Qui a chanté cette chanson ? #7 - Statistiques

Statistiques générales
  • Ce quiz a été pris 286 fois
  • Le résultat moyen est 10 sur 15
Statistiques - réponses
Chansons Chanteurs % Correct
Mistral Gagnant Renaud
99%
L'Aventurier Indochine
91%
Mon Fils Ma Bataille Daniel Balavoine
88%
Il Jouait Du Piano Debout France Gall
88%
Je L'aime A Mourir Francis Cabrel
88%
Cendrillon Téléphone
87%
Ma Gueule Johnny Hallyday
80%
Banana Split Lio
77%
La Groupie Du Pianiste Michel Berger
77%
Comme Toi Jean-Jacques Goldman
63%
Vertige De l'Amour Alain Bashung
43%
Afrique Adieu Michel Sardou
39%
Manureva Alain Chamfort
36%
Reviens Hervé Vilard
15%
Elle Didier Barbelivien
13%
Aucun quiz correspondant
Distribution des résultats
% des personnes avec chaque résultat
Percentile par nombre de réponses
Votre historique - résultats
Vous n’avez pas pris ce quiz